000 00844nam a22002537a 4500
999 _c33167
_d33167
001 2150
003 CO-MdFUSB
005 20170822083542.0
008 170822t2003 s ||||| |||| 00| 0 s d
020 _a84-8169-399-5
040 _aCO-MdFUSB
_bspa
_cCO-MdFUSB
_dCO-MdFUSBC
_erda
041 0 _aspa
082 0 4 _aG 222.12 C5371p
100 1 _aChilds, Brevard S.
_eautor
245 1 0 _aPentatéuco
_b: El libro del Éxodo - comentario crítico y teológico
_c / Brevard S. Childs ; Enrique Sanz, Traductor
264 4 _aEstella, Navarra, España :
_bVerbo Divino,
_c©2003
300 _a626 Pag
336 _2rdacontent
_a1
_ba1
337 _2rdamedia
_a2
_b5
338 _2rdacarrier
_a2
_b5
500 _aTítulo original : The book of Exodus. A critical, theological commentary
653 _aBiblia A.T. - Éxodo - Comentarios
942 _cBK